[Event "ARG-ch sf 84th"]
[Site "La Plata"]
[Date "2009.05.03"]
[Round "6"]
[White "Fernandez Fernandez, German"]
[Black "Spata, German"]
[Result "0-1"]
[WhiteElo "2298"]
[BlackElo "2292"]
[PlyCount "40"]
[EventDate "2009.04.30"]
[EventType "swiss"]
[EventRounds "9"]
[EventCountry "ARG"]
[SourceTitle "CBM 130 Extra"]
[Source "ChessBase"]
[SourceDate "2009.07.02"]
[SourceVersion "2"]
[SourceVersionDate "2009.07.15"]
[SourceQuality "1"]

1. d4 d5 2. Nf3 Nf6 3. g3 c6 4. Bg2 e6 5. 0-0 Nbd7 6. Bg5 h6 7. Bxf6 Nxf6 8. Nbd2 c5 9. c3 Be7 10. Qc2 cxd4 11. cxd4 0-0 12. Rac1 Qb6 13. Qb3 Qa6 14. Rfd1 Bd7 15. Qc2 Ba4 16. b3 Bb5 17. e3 Ba3 18. Ra1 Bd3 19. Qc7 Bd6 20. Qc3 Rfc8 0-1

[Event "Havana op"]
[Site "Havana"]
[Date "1992.??.??"]
[Round "?"]
[White "Borges Matos, Juan R"]
[Black "Fernandez Fernandez, German"]
[Result "1/2-1/2"]
[WhiteElo "2430"]
[BlackElo "2265"]
[PlyCount "45"]
[EventDate "1992.??.??"]
[EventType "swiss"]
[EventRounds "9"]
[EventCountry "CUB"]
[SourceTitle "EXT 2002"]
[Source "ChessBase"]
[SourceDate "2001.11.25"]
[SourceVersion "1"]
[SourceVersionDate "2001.11.25"]
[SourceQuality "1"]

1. d4 Nf6 2. c4 e6 3. g3 c5 4. d5 exd5 5. cxd5 d6 6. Nc3 g6 7. Bg2 Bg7 8. Nf3 0-0 9. 0-0 a6 10. a4 Re8 11. Nd2 Nbd7 12. h3 Rb8 13. a5 b5 14. axb6 Nxb6 15. Qc2 Nfd7 16. Nde4 Qe7 17. Bg5 Qf8 18. Bf4 Ne5 19. Rfb1 Nbd7 20. Ra4 h6 21. g4 Nb6 22. Ra2 Nbd7 23. Ra4 1/2-1/2

[Event "Fuerteventura op"]
[Site "Fuerteventura"]
[Date "1992.??.??"]
[Round "?"]
[White "Fernandez Fernandez, German"]
[Black "Arencibia Rodriguez, Walter"]
[Result "1/2-1/2"]
[WhiteElo "2265"]
[BlackElo "2535"]
[PlyCount "35"]
[EventDate "1992.??.??"]
[EventType "swiss"]
[EventRounds "11"]
[EventCountry "CUB"]
[SourceTitle "EXT 1999"]
[Source "ChessBase"]
[SourceDate "1998.11.16"]
[SourceVersion "1"]
[SourceVersionDate "1998.11.16"]
[SourceQuality "1"]

1. e4 e5 2. Nc3 Bc5 3. Bc4 d6 4. d3 c6 5. Qh5 Qe7 6. Bg5 Nf6 7. Qh4 Nbd7 8. Nge2 h6 9. 0-0 Qf8 10. Be3 Nb6 11. Bxc5 dxc5 12. f4 Nxc4 13. dxc4 Be6 14. fxe5 g5 15. Qg3 Nd7 16. b3 0-0-0 17. Rad1 Qg7 18. Nd5 1/2-1/2

[Event "Havana op"]
[Site "Havana"]
[Date "1992.??.??"]
[Round "?"]
[White "Fernandez Fernandez, German"]
[Black "Becerra Rivero, Julio"]
[Result "0-1"]
[WhiteElo "2265"]
[BlackElo "2370"]
[PlyCount "82"]
[EventDate "1992.??.??"]
[EventType "swiss"]
[EventRounds "9"]
[EventCountry "CUB"]
[SourceTitle "EXT 2000"]
[Source "ChessBase"]
[SourceDate "1999.11.16"]
[SourceVersion "1"]
[SourceVersionDate "1999.11.16"]
[SourceQuality "1"]

1. d4 Nf6 2. c4 g6 3. Nc3 Bg7 4. e4 d6 5. Be2 0-0 6. Bg5 c5 7. dxc5 Qa5 8. Bd2 Qxc5 9. Nf3 Be6 10. Be3 Qa5 11. Nd2 Nc6 12. 0-0 Ne5 13. Nd5 Bxd5 14. exd5 Rfc8 15. f4 Ned7 16. a4 a6 17. Nb3 Qd8 18. a5 Rc7 19. Bd4 Rac8 20. Rc1 Qf8 21. Qd3 Ne8 22. Bb6 Bxb2 23. Rc2 Bh8 24. Bxc7 Rxc7 25. Bg4 Nc5 26. Nxc5 dxc5 27. f5 Nd6 28. fxg6 hxg6 29. Kh1 Bd4 30. Qg3 Qh6 31. Re2 Kg7 32. Qb3 f5 33. Bh3 Qh4 34. Re6 Bf6 35. g4 fxg4 36. Bg2 Nf5 37. Qd3 Rc8 38. Rxf5 Rh8 39. h3 gxf5 40. Qxf5 Rh5 41. Qf4 gxh3 0-1

[Event "Fuerteventura op"]
[Site "Fuerteventura"]
[Date "1992.??.??"]
[Round "?"]
[White "Fernandez Fernandez, German"]
[Black "Moreno, Alejandro"]
[Result "1-0"]
[WhiteElo "2265"]
[BlackElo "2270"]
[PlyCount "59"]
[EventDate "1992.??.??"]
[EventType "swiss"]
[EventRounds "11"]
[EventCountry "CUB"]
[SourceTitle "EXT 1999"]
[Source "ChessBase"]
[SourceDate "1998.11.16"]
[SourceVersion "1"]
[SourceVersionDate "1998.11.16"]
[SourceQuality "1"]

1. c4 Nf6 2. Nc3 g6 3. d4 Bg7 4. e4 d6 5. Be2 0-0 6. Bg5 Na6 7. Nf3 e5 8. Qd2 c6 9. 0-0 exd4 10. Nxd4 Re8 11. Qf4 h6 12. Bxh6 Bxh6 13. Qxh6 Nxe4 14. Nxe4 Rxe4 15. Qd2 Qf6 16. Rad1 Nc5 17. Bf3 Rh4 18. Rfe1 Bg4 19. b3 Kg7 20. h3 Bd7 21. Re3 Rd8 22. Ne2 Bf5 23. Ng3 Ne6 24. Be4 Bxe4 25. Nxe4 Qe5 26. Nxd6 Qc5 27. Rxe6 fxe6 28. Nf5+ exf5 29. Qxd8 Rf4 30. Qc7+ 1-0

[Event "Fuerteventura op"]
[Site "Fuerteventura"]
[Date "1992.??.??"]
[Round "?"]
[White "Fernandez Fernandez, German"]
[Black "Nunez, Antonio"]
[Result "1/2-1/2"]
[WhiteElo "2265"]
[BlackElo "2340"]
[PlyCount "28"]
[EventDate "1992.??.??"]
[EventType "swiss"]
[EventRounds "11"]
[EventCountry "CUB"]
[SourceTitle "EXT 2003"]
[Source "ChessBase"]
[SourceDate "2002.11.25"]
[SourceVersion "1"]
[SourceVersionDate "2002.11.25"]
[SourceQuality "1"]

1. e4 e5 2. Nf3 Nc6 3. Bc4 Bc5 4. c3 Bb6 5. 0-0 Nf6 6. d3 0-0 7. Bg5 h6 8. Bh4 d6 9. Nbd2 Qe7 10. Bb3 Kh8 11. Nc4 Rg8 12. Bxf6 Qxf6 13. Nxb6 axb6 14. Nd2 Be6 1/2-1/2

[Event "Fuerteventura op"]
[Site "Fuerteventura"]
[Date "1992.??.??"]
[Round "?"]
[White "Fernandez Fernandez, German"]
[Black "Sanchez Cabrera, Circe"]
[Result "1-0"]
[WhiteElo "2265"]
[BlackElo "2095"]
[PlyCount "67"]
[EventDate "1992.??.??"]
[EventType "swiss"]
[EventRounds "11"]
[EventCountry "CUB"]
[SourceTitle "EXT 1999"]
[Source "ChessBase"]
[SourceDate "1998.11.16"]
[SourceVersion "1"]
[SourceVersionDate "1998.11.16"]
[SourceQuality "1"]

1. e4 d5 2. exd5 Qxd5 3. Nc3 Qa5 4. d4 Nf6 5. Nf3 Bg4 6. h3 Bh5 7. g4 Bg6 8. Ne5 c6 9. h4 Nbd7 10. Nc4 Qc7 11. h5 Be4 12. Nxe4 Nxe4 13. Bg2 Nef6 14. Qe2 e6 15. Bd2 Be7 16. 0-0-0 Nd5 17. Ne5 Bd6 18. Rhe1 Rf8 19. c4 Ne7 20. f4 0-0-0 21. Kb1 Kb8 22. Bc3 g6 23. h6 Ng8 24. d5 exd5 25. cxd5 c5 26. Nc4 f6 27. g5 fxg5 28. Nxd6 Qxd6 29. Be5 Nxe5 30. fxe5 Qb6 31. d6 c4 32. Qxc4 Rf2 33. Re2 Rf4 34. Qd5 1-0

[Event "Havana-A"]
[Site "Havana"]
[Date "1992.??.??"]
[Round "?"]
[White "Gonzalez Zamora, Juan Carlos"]
[Black "Fernandez Fernandez, German"]
[Result "1-0"]
[WhiteElo "2380"]
[BlackElo "2265"]
[PlyCount "97"]
[EventDate "1992.??.??"]
[EventType "tourn"]
[EventRounds "14"]
[EventCountry "CUB"]
[EventCategory "2"]
[SourceTitle "EXT 2000"]
[Source "ChessBase"]
[SourceDate "1999.11.16"]
[SourceVersion "1"]
[SourceVersionDate "1999.11.16"]
[SourceQuality "1"]

1. Nf3 Nf6 2. c4 g6 3. Nc3 Bg7 4. e4 d6 5. d4 0-0 6. Be2 Nbd7 7. 0-0 e5 8. Be3 exd4 9. Nxd4 Nc5 10. f3 a5 11. Qd2 Re8 12. Rad1 Nfd7 13. Ndb5 b6 14. Rfe1 Bb7 15. Bf1 Ne5 16. Bg5 f6 17. Bh4 Nf7 18. b3 Re6 19. Qc2 c6 20. Nd4 Re7 21. a3 Qc7 22. Bg3 Rae8 23. b4 axb4 24. axb4 Ne6 25. Nxe6 Rxe6 26. Ne2 c5 27. b5 Bh6 28. Nc3 Bg7 29. Ne2 Bh6 30. Bf2 Ne5 31. Nc3 Nf7 32. Ra1 Ra8 33. Rxa8+ Bxa8 34. Ra1 Re8 35. h4 Ne5 36. Qd1 Rb8 37. Ra6 Nf7 38. g3 Bb7 39. Ra7 Bg7 40. Bh3 Qd8 41. Nd5 Kh8 42. f4 Qe8 43. Qd3 Nd8 44. Bg2 Bxd5 45. Qxd5 Qe6 46. Qd3 Nf7 47. e5 fxe5 48. Bd5 e4 49. Qe2 1-0

[Event "Havana-A"]
[Site "Havana"]
[Date "1992.??.??"]
[Round "?"]
[White "Ramon Pita, Vivian"]
[Black "Fernandez Fernandez, German"]
[Result "1-0"]
[WhiteElo "2260"]
[BlackElo "2265"]
[PlyCount "105"]
[EventDate "1992.??.??"]
[EventType "tourn"]
[EventRounds "14"]
[EventCountry "CUB"]
[EventCategory "2"]
[SourceTitle "EXT 2000"]
[Source "ChessBase"]
[SourceDate "1999.11.16"]
[SourceVersion "1"]
[SourceVersionDate "1999.11.16"]
[SourceQuality "1"]

1. e4 e5 2. Nc3 Nf6 3. Bc4 Nc6 4. d3 Bb4 5. Nge2 d5 6. exd5 Nxd5 7. 0-0 Be6 8. Bb5 0-0 9. Bxc6 bxc6 10. Ne4 h6 11. c4 Nf6 12. Qc2 Nxe4 13. dxe4 Bc5 14. Ng3 Rb8 15. Bd2 Bd4 16. Rab1 c5 17. b3 Rb6 18. Kh1 Bc8 19. Nf5 Bxf5 20. exf5 Rf6 21. f4 Re8 22. Rbe1 exf4 23. Rxe8+ Qxe8 24. Bxf4 Qd7 25. g4 Qc6+ 26. Qg2 Qxg2+ 27. Kxg2 Ra6 28. a4 Rb6 29. Rf3 c6 30. Rd3 Rb7 31. Bd6 f6 32. Kf3 Kf7 33. Ke4 Bg1 34. h3 Ke8 35. Kf3 Rd7 36. Ke2 Bd4 37. Bf4 Re7+ 38. Kd2 Re4 39. Bb8 Re7 40. b4 Rb7 41. Bd6 Bg1 42. b5 cxb5 43. cxb5 c4 44. Rd5 Rd7 45. Kc3 Bh2 46. Bxh2 Rxd5 47. Kxc4 Rd7 48. Kc5 Kd8 49. Bd6 Ke8 50. Kc6 g6 51. fxg6 Rg7 52. a5 Rxg6 53. b6 1-0